| 000 -ლიდერი |
| ფიქსირებული სიგრძის საკონტროლო ველი |
02159nam a22002297a 4500 |
| 003 - საკონტროლო ნომრის იდენტიფიკატორი |
| საკონტროლო ველი |
Ge_BSU |
| 005 - ბოლო ოპერაციის თარიღი და დრო |
| საკონტროლო ველი |
20221221145820.0 |
| 008 - ფიქსირებული სიგრძის მონაცემთა ელემენტები - ზოგადი ინფორმაცია |
| ფიქსირებული სიგრძის საკონტროლო ველი |
221031s2021 ge ||||| |||| 00| 0 geo d |
| 041 ## - ენის კოდი |
| Language code of text/sound track or separate title |
geo |
| 080 ## - უნივერსალური ათობითი კლასიფიკაციის ინდექსი |
| Universal Decimal Classification number |
81 ც-66 |
| 100 ## - მთავარი ჩანაწერი - პიროვნების სახელი |
| Personal name |
ცინცაბაძე, ქრისტინე |
| 9 (RLIN) |
15660 |
| 245 ## - ცნობა სათაურის შესახებ |
| Title |
ფრაზეოლოგიურ ერთეულთა კონცეპტუალური ველი და მათი თარგმნის ლინგვოკულტურული ასპექტები : |
| Remainder of title |
დისერტაცია / |
| Statement of responsibility, etc |
ქრისტინე ცინცაბაძე; სამეცნიერო ხელმძღვანელი ქეთევან სვანიძე, ლილე თანდილავა; ბათუმის შოთა რუსთაველის სახელმწიფო უნივერსიტეტი. ჰუმანიტარულ მეცნიერებათა ფაკულტეტი. აღმოსავლეთმცოდნეობის დეპარტამენტი. ევროპეისტიკის დეპარტამენტი. |
| 264 ## - წარმოების, გამოცემის, დისტრიბუციის და სხვა ცნობები |
| გამოცემის, წარმოების, დისტრიბუციის... ადგილი |
ბათუმი, |
| გამოცემის, წარმოების, დისტრიბუციის... თარიღი |
2021. |
| 300 ## - ფიზიკური აღწერა |
| Extent |
122 გვ.; |
| Other physical details |
30 სმ. |
| 504 ## - BIBLIOGRAPHY, ETC. NOTE |
| Bibliography, etc |
ბიბლიოგრ. გვ.117-122 |
| 653 ## - INDEX TERM--UNCONTROLLED |
| Uncontrolled term |
ლინგვისტიკა |
| 653 ## - INDEX TERM--UNCONTROLLED |
| Uncontrolled term |
დისერტაცია |
| 700 ## - ADDED ENTRY--PERSONAL NAME |
| Personal name |
სვანიძე, ქეთევან |
| Relator term |
სამეცნიერო ხელმძღვანელი |
| 9 (RLIN) |
11100 |
| 700 ## - ADDED ENTRY--PERSONAL NAME |
| Personal name |
თანდილავა, ლილე |
| Relator term |
სამეცნიერო ხელმძღვანელი |
| 9 (RLIN) |
5951 |
| 710 ## - ADDED ENTRY--CORPORATE NAME |
| Corporate name or jurisdiction name as entry element |
ბათუმის შოთა რუსთაველის სახელმწიფო უნივერსიტეტი |
| Subordinate unit |
ჰუმანიტარულ მეცნიერებათა ფაკულტეტი. აღმოსავლეთმცოდნეობის დეპარტამენტი. ევროპეისტიკის დეპარტამენტი. |
| 9 (RLIN) |
15662 |
| 942 ## - ADDED ENTRY ELEMENTS (KOHA) |
| Source of classification or shelving scheme |
|
| Koha item type |
დისერტაცია |